Global Supply Chains,Standards and the Poor (Record no. 13854)
[ view plain ]
| 000 -LEADER | |
|---|---|
| fixed length control field | 00279nam a22001217a 4500 |
| 020 ## - INTERNATIONAL STANDARD BOOK NUMBER | |
| ISBN | 9781845931858 |
| 082 ## - DEWEY DECIMAL CLASSIFICATION NUMBER | |
| Classification number | 664 SWI/GL |
| 100 ## - MAIN ENTRY--AUTHOR NAME | |
| Personal name | SWINNEN ,Johan F M |
| 245 ## - TITLE STATEMENT | |
| Title | Global Supply Chains,Standards and the Poor |
| 260 ## - PUBLICATION, DISTRIBUTION, ETC. (IMPRINT) | |
| Place of publication | Oxon |
| Name of publisher | CABI |
| Year of publication | 2007 |
| 300 ## - PHYSICAL DESCRIPTION | |
| Number of Pages | 322 |
| 942 ## - ADDED ENTRY ELEMENTS (KOHA) | |
| Koha item type | Books |
| Withdrawn status | Lost status | Damaged status | Collection code | Home library | Current library | Shelving location | Date acquired | Source of acquisition | Cost, normal purchase price | Full call number | Accession Number | Koha item type |
|---|---|---|---|---|---|---|---|---|---|---|---|---|
| Reference | KAUAET | KAUAET | Reference1 | 31/03/2012 | IBPSS,Delhi | 6157.00 | 664 SWI/GL | 23422 | Books |
